Enforcement of Hudood Practice & Procedure: (Record no. 587109)
[ view plain ]
| 000 -LEADER | |
|---|---|
| fixed length control field | 00415nam a22001337a 4500 |
| 082 ## - DEWEY DECIMAL CLASSIFICATION NUMBER | |
| Classification number | 345.5491 MAH |
| 100 ## - MAIN ENTRY--PERSONAL NAME | |
| Personal name | Mahmood, M. |
| 245 ## - TITLE STATEMENT | |
| Title | Enforcement of Hudood Practice & Procedure: |
| Remainder of title | with women Protection Act, 2006 / |
| Statement of responsibility, etc. | M. Mahmood |
| 260 ## - PUBLICATION, DISTRIBUTION, ETC. | |
| Place of publication, distribution, etc. | Lahore : |
| Name of publisher, distributor, etc. | Al-Qanoon Publishers, |
| Date of publication, distribution, etc. | 2017. |
| 300 ## - PHYSICAL DESCRIPTION | |
| Extent | 640 p. ; |
| Dimensions | 24 cm. |
| 942 ## - ADDED ENTRY ELEMENTS (KOHA) | |
| Source of classification or shelving scheme | |
| Koha item type | Book |
| Withdrawn status | Lost status | Source of classification or shelving scheme | Damaged status | Not for loan | Permanent Location | Current Location | Shelving location | Date acquired | Source of acquisition | Total Checkouts | Full call number | Barcode | Checked out | Date last seen | Date last checked out | Price effective from | Koha item type |
|---|---|---|---|---|---|---|---|---|---|---|---|---|---|---|---|---|---|
| NUST Law School (NLS) | NUST Law School (NLS) | Law | 12/06/2021 | Federal law House | 2 | 345.5491 MAH | CL-697 | 04/02/2026 | 03/03/2026 | 03/03/2026 | 12/06/2021 | Book | |||||
| NUST Law School (NLS) | NUST Law School (NLS) | Law | 12/06/2021 | Federal law House | 4 | 345.5491 MAH | CL-698 | 07/24/2025 | 07/23/2025 | 12/06/2021 | Book |
